MARC

LEADER 00000nam0a2200000 4500
001 325670
005 20231102003803.0
035 |a (RuTPU)RU\TPU\book\351285 
090 |a 325670 
100 |a 20161209d1936 km y0rusy50 ca 
101 0 |a rus 
102 |a RU 
105 |a a z 000zb 
200 1 |a Рембрандт  |f И. Верцман 
210 |a Москва  |a Ленинград  |c Искусство  |d 1936 
215 |a 59 с.  |c ил. 
600 1 |a Рембрандт  |b Х. Р.  |c голландский живописец  |f 1606-1669  |g Харменс ван Рейн  |2 stltpush  |3 (RuTPU)RU\TPU\pers\10065  |9 2157 
606 1 |a Живописцы  |2 stltpush  |3 (RuTPU)RU\TPU\subj\10834  |9 37852 
610 1 |a изобразительное искусство 
610 1 |a голландская живопись 
610 1 |a история 
610 1 |a 17 век 
610 1 |a художники 
610 1 |a персоналии 
675 |a 75.071  |v 4 
700 1 |a Верцман  |b И. 
801 1 |a RU  |b 63413507  |c 20161209 
801 2 |a RU  |b 63413507  |c 20200218  |g RCR 
942 |c BK